مكتبة جامعة عجلون الوطنية

فهرس بحث المكتبة

Normal view MARC view
  • الحرب الالكترونية-قوانين

Entry Topical Term

Number of records used in: 1

001 - CONTROL NUMBER

  • control field: 61745

003 - CONTROL NUMBER IDENTIFIER

  • control field: JO-AjAnu

005 - DATE AND TIME OF LATEST TRANSACTION

  • control field: 20230606084104.0

008 - FIXED-LENGTH DATA ELEMENTS

  • fixed length control field: 230606|| aca||aabn | a|a d

040 ## - CATALOGING SOURCE

  • Original cataloging agency: JO-AjAnu
  • Transcribing agency: JO-AjAnu

150 ## - HEADING--TOPICAL TERM

  • Topical term or geographic name entry element: الحرب الالكترونية-قوانين

670 ## - SOURCE DATA FOUND

  • Source citation: Work cat.: (JO-AjAnu)31493: العبيدي، عمر عباس خضير, author 61744, مكافحة الجرائم السيبرانية كآلية لتعزيز الامن الاقليمي